[Event "Tenerife-chT Primera"]
[Site "Tenerife"]
[Date "2023.03.25"]
[Round "9.1"]
[White "Jorquera Fuentes, Hugo Samuel"]
[Black "Ramirez Alvarez, Roberto"]
[Result "1/2-1/2"]
[WhiteElo "1872"]
[BlackElo "1947"]
[PlyCount "130"]
[EventDate "2023.01.14"]
[EventType "team-tourn"]
[EventRounds "14"]
[EventCountry "ESP"]
[SourceTitle "EXT 2024"]
[Source "ChessBase"]
[SourceDate "2023.10.10"]
[SourceVersion "1"]
[SourceVersionDate "2023.10.10"]
[SourceQuality "1"]
[WhiteTeam "Al Shah Mat Los Realejos II"]
[BlackTeam "Playa San Juan"]
[WhiteTeamCountry "ESP"]
[BlackTeamCountry "ESP"]

1. e4 c5 2. c4 Nc6 3. Ne2 d6 4. d4 cxd4 5. Nxd4 e5 6. Ne2 f5 7. Nbc3 Nf6 8. Bg5 Be7 9. f3 0-0 10. exf5 Bxf5 11. Ng3 Bg6 12. Bd3 Bxd3 13. Qxd3 e4 14. Ngxe4 Nb4 15. Qe2 Nxe4 16. Nxe4 Bxg5 17. Nxg5 Nc2+ 18. Qxc2 Qxg5 19. 0-0 Rac8 20. Qd3 Qc5+ 21. Rf2 Qxc4 22. Qxd6 Rcd8 23. Qa3 a6 24. b3 Qd4 25. Re1 Rfe8 26. Qc1 Rc8 27. Rxe8+ Rxe8 28. Qd2 Qf6 29. Kf1 Rd8 30. Qc2 h6 31. Re2 Qd6 32. g3 Qd7 33. Kg2 Rc8 34. Qd2 Qc6 35. Kf2 Rf8 36. Qe3 Kh8 37. Qe4 Qc5+ 38. Kg2 b6 39. Qe7 Qxe7 40. Rxe7 Rc8 41. Re2 Kg8 42. Kh3 Kf7 43. Kg4 Kf6 44. f4 Rc5 45. Kf3 g5 46. g4 gxf4 47. Kxf4 a5 48. h4 Rb5 49. Rc2 a4 50. Rc6+ Kg7 51. bxa4 Rb4+ 52. Kf5 Rxa4 53. Rxb6 Ra5+ 54. Kf4 Ra4+ 55. Kf3 Rxa2 56. g5 hxg5 57. hxg5 Ra4 58. Rc6 Rb4 59. Rf6 Ra4 60. Rf4 Rxf4+ 61. Kxf4 Kg6 62. Kg4 Kg7 63. Kf5 Kf7 64. g6+ Kg7 65. Kg5 Kg8 1/2-1/2

[Event "Canarias-chT"]
[Site "San Cristobal de La Laguna"]
[Date "2017.06.24"]
[Round "4.2"]
[White "Ramirez Alvarez, Roberto"]
[Black "Figueroa Pahissa, Tito Javier"]
[Result "1-0"]
[WhiteElo "1982"]
[BlackElo "1594"]
[PlyCount "67"]
[EventDate "2017.06.22"]
[EventType "team-swiss"]
[EventRounds "6"]
[EventCountry "ESP"]
[SourceTitle "EXT 2024"]
[Source "ChessBase"]
[SourceDate "2023.10.10"]
[SourceVersion "1"]
[SourceVersionDate "2023.10.10"]
[SourceQuality "1"]
[WhiteTeam "Canarias 64"]
[BlackTeam "Ebano Casa Venezuela II"]
[WhiteTeamCountry "ESP"]
[BlackTeamCountry "ESP"]

1. Nf3 Nf6 2. c4 Nc6 3. d4 d5 4. cxd5 Nxd5 5. e4 Nf6 6. Nc3 e6 7. a3 Bd7 8. Bd3 h6 9. 0-0 Be7 10. Qe2 0-0 11. Re1 Re8 12. Bf4 Nh5 13. Be3 Nf6 14. Rad1 Qc8 15. Bb1 Bf8 16. Qc2 g6 17. h4 Bg7 18. e5 Nd5 19. h5 Nxe3 20. Rxe3 Ne7 21. Ne4 Nd5 22. hxg6 Nxe3 23. gxf7+ Kxf7 24. fxe3 Ke7 25. Qf2 Rf8 26. Qh4+ Kf7 27. Qh5+ Ke7 28. Qh4+ Kf7 29. Rf1 Kg8 30. Nf6+ Bxf6 31. exf6 Kf7 32. Ne5+ Ke8 33. Bg6+ Rf7 34. Qxh6 1-0

[Event "Tenerife-chT Preferente 1617"]
[Site "Tenerife"]
[Date "2017.01.14"]
[Round "3.4"]
[White "Ramos Aguilar, Jose Manuel"]
[Black "Ramirez Alvarez, Roberto"]
[Result "1-0"]
[WhiteElo "2062"]
[BlackElo "2001"]
[PlyCount "71"]
[EventDate "2016.12.10"]
[EventType "team-tourn"]
[EventRounds "14"]
[EventCountry "ESP"]
[SourceTitle "CBM 176 Extra"]
[Source "ChessBase"]
[SourceDate "2017.03.02"]
[SourceVersion "1"]
[SourceVersionDate "2017.03.02"]
[SourceQuality "1"]
[WhiteTeam "Casa de Venezuela Ebano"]
[BlackTeam "Canarias 64"]
[WhiteTeamCountry "ESP"]
[BlackTeamCountry "ESP"]

1. d4 d5 2. c4 c6 3. Nc3 Nf6 4. Nf3 e6 5. Bg5 Be7 6. e3 0-0 7. Rc1 Nbd7 8. Qc2 b6 9. cxd5 cxd5 10. Bd3 Bb7 11. 0-0 Rc8 12. Qb1 h6 13. Bh4 Nh5 14. Bxe7 Qxe7 15. Ne2 Nhf6 16. Ng3 Qd6 17. h3 Qb8 18. b4 a6 19. b5 axb5 20. Qxb5 Qa8 21. Ne5 Rfd8 22. Rxc8 Qxc8 23. Nxd7 Nxd7 24. Ne2 Qc7 25. Qb4 Ra8 26. Rc1 Qd8 27. Nf4 Nf6 28. a4 Ra5 29. Rb1 Ba6 30. Bc2 g5 31. Nd3 Qa8 32. Ne5 Ne4 33. Qxb6 Be2 34. Qc7 Ra7 35. Rb8+ Kg7 36. Qd8 1-0

[Event "Tenerife-chT Preferente 1516"]
[Site "Tenerife"]
[Date "2016.04.16"]
[Round "13.1"]
[White "Ramirez Alvarez, Roberto"]
[Black "Fernandez Garcia, Jose Luis"]
[Result "1/2-1/2"]
[WhiteElo "1991"]
[BlackElo "2431"]
[PlyCount "44"]
[EventDate "2015.12.12"]
[EventType "team-tourn"]
[EventRounds "14"]
[EventCountry "ESP"]
[SourceTitle "EXT 2017"]
[Source "ChessBase"]
[SourceDate "2016.10.25"]
[SourceVersion "1"]
[SourceVersionDate "2016.10.25"]
[SourceQuality "1"]
[WhiteTeam "Canarias 64"]
[BlackTeam "Cajacanarias"]
[WhiteTeamCountry "ESP"]
[BlackTeamCountry "ESP"]

1. d4 Nf6 2. c4 e6 3. Nf3 c5 4. e3 d5 5. Nc3 Nc6 6. a3 Ne4 7. Bd3 Nxc3 8. bxc3 dxc4 9. Bxc4 Be7 10. 0-0 0-0 11. Qe2 Qc7 12. Ba2 Rd8 13. Bb2 b6 14. Rfd1 Bb7 15. Rac1 Bd6 16. h3 Qe7 17. d5 exd5 18. Bxd5 Nd4 19. Bxf7+ Qxf7 20. cxd4 Rf8 21. Ne5 Qf5 22. f4 cxd4 1/2-1/2

[Event "Tenerife Autumn op"]
[Site "Tenerife"]
[Date "2015.10.28"]
[Round "8"]
[White "Ramirez Alvarez, Roberto"]
[Black "Martin Ortega, Oscar"]
[Result "0-1"]
[WhiteElo "2005"]
[BlackElo "1894"]
[PlyCount "97"]
[EventDate "2015.10.14"]
[EventType "swiss"]
[EventRounds "9"]
[EventCountry "ESP"]
[SourceTitle "CBM 169 Extra"]
[Source "ChessBase"]
[SourceDate "2015.12.18"]
[SourceVersion "1"]
[SourceVersionDate "2015.12.18"]
[SourceQuality "1"]

1. d4 c5 2. d5 a6 3. e4 e5 4. Nc3 d6 5. f4 exf4 6. Bxf4 Ne7 7. Nf3 Ng6 8. Bg3 Nd7 9. Be2 Be7 10. Qd2 0-0 11. 0-0 b5 12. Rae1 Qb6 13. Nd1 Bf6 14. c3 Re8 15. Nf2 Nde5 16. Kh1 Bd7 17. h3 a5 18. Nh2 Bh4 19. Bxh4 Nxh4 20. Qg5 Qd8 21. Qg3 Nhg6 22. Nf3 b4 23. Nd3 Nxd3 24. Bxd3 Ne5 25. Nxe5 Rxe5 26. a3 b3 27. Qf4 Qe7 28. g4 Rf8 29. Kg2 Qh4 30. Qg3 Qe7 31. h4 Re8 32. g5 Rc8 33. Rf4 Rf8 34. Ref1 a4 35. Rf6 c4 36. Bxc4 Rxe4 37. R6f4 Rxc4 38. Re1 Qxe1 39. Qxe1 Rxf4 40. Qe7 Bf5 41. Qxd6 Re4 42. Qc6 Rfe8 43. c4 g6 44. Qxa4 Re2+ 45. Kf3 R8e3+ 46. Kf4 Rh3 47. Qa8+ Kg7 48. d6 Re4+ 49. Qxe4 0-1

[Event "Santa Cruz de Tenerife Primavera op"]
[Site "Santa Cruz de Tenerife"]
[Date "2015.03.25"]
[Round "8"]
[White "Ramirez Alvarez, Roberto"]
[Black "Hidalgo Santana, Fernando"]
[Result "0-1"]
[WhiteElo "2043"]
[BlackElo "2193"]
[PlyCount "92"]
[EventDate "2015.03.10"]
[EventType "swiss"]
[EventRounds "9"]
[EventCountry "ESP"]
[SourceTitle "CBM 165 Extra"]
[Source "ChessBase"]
[SourceDate "2015.04.21"]
[SourceVersion "1"]
[SourceVersionDate "2015.04.21"]
[SourceQuality "1"]

1. d4 f5 2. Nf3 d6 3. g3 g6 4. Bg2 Nf6 5. 0-0 Bg7 6. c4 0-0 7. Nc3 Qe8 8. d5 Na6 9. Rb1 h6 10. b4 Bd7 11. Nd4 Rc8 12. Ncb5 Ne4 13. Bxe4 fxe4 14. Nxa7 Ra8 15. Nab5 c6 16. dxc6 bxc6 17. Nc3 Bh3 18. Nxe4 Nxb4 19. a3 Na6 20. Re1 d5 21. cxd5 cxd5 22. Nc3 e5 23. Ndb5 d4 24. Ne4 Qc6 25. f3 Bf5 26. Nbd6 Be6 27. Bd2 Rfd8 28. Nb5 Bd5 29. Nf2 Rdc8 30. a4 Nc5 31. Rc1 Qd7 32. Rb1 Nxa4 33. Rb4 Nc5 34. Qb1 Qe6 35. Ng4 Kh7 36. Nf2 Ra2 37. Bc1 Na4 38. Nd3 Rcc2 39. Rxa4 Rxc1 40. Qxc1 Rxa4 41. Nc5 Qb6 42. Nxa4 Qxb5 43. Nc5 Bc4 44. Qc2 Qxc5 45. Kg2 Qd5 46. Rd1 Bb3 0-1

[Event "Santa Cruz de Tenerife Primavera op"]
[Site "Santa Cruz de Tenerife"]
[Date "2015.03.16"]
[Round "3"]
[White "Rodriguez Redondo, Adhara"]
[Black "Ramirez Alvarez, Roberto"]
[Result "1/2-1/2"]
[WhiteElo "1605"]
[BlackElo "2043"]
[PlyCount "54"]
[EventDate "2015.03.10"]
[EventType "swiss"]
[EventRounds "9"]
[EventCountry "ESP"]
[SourceTitle "CBM 165 Extra"]
[Source "ChessBase"]
[SourceDate "2015.04.21"]
[SourceVersion "1"]
[SourceVersionDate "2015.04.21"]
[SourceQuality "1"]

1. e4 c5 2. Nf3 Nc6 3. d4 cxd4 4. Nxd4 d6 5. c4 e6 6. Be3 Nf6 7. Nc3 Be7 8. Be2 0-0 9. 0-0 a6 10. Rc1 Bd7 11. Nb3 Na5 12. Nd2 Rc8 13. f4 Nc6 14. Nf3 Ng4 15. Qd2 Nxe3 16. Qxe3 Qa5 17. Kh1 Rfd8 18. Rcd1 Bf8 19. e5 dxe5 20. fxe5 h6 21. Qf4 Be8 22. Rxd8 Rxd8 23. Ne4 Ne7 24. Nh4 Nc6 25. Nf3 Ne7 26. Nh4 Nc6 27. Nf3 Ne7 1/2-1/2

[Event "Tenerife-chT Preferente"]
[Site "Tenerife"]
[Date "2015.03.14"]
[Round "6.2"]
[White "Ramirez Alvarez, Roberto"]
[Black "Kohlmann, Robert"]
[Result "1-0"]
[WhiteElo "2067"]
[BlackElo "2160"]
[PlyCount "78"]
[EventDate "2015.01.24"]
[EventType "swiss"]
[EventRounds "14"]
[EventCountry "ESP"]
[SourceTitle "EXT 2024"]
[Source "ChessBase"]
[SourceDate "2023.10.10"]
[SourceVersion "1"]
[SourceVersionDate "2023.10.10"]
[SourceQuality "1"]
[WhiteTeam "Canaris 64"]
[BlackTeam "Rey Ahogado"]
[WhiteTeamCountry "ESP"]
[BlackTeamCountry "ESP"]

1. d4 d6 2. Nf3 g6 3. c4 Nf6 4. Nc3 Bg7 5. e4 0-0 6. Be2 Nc6 7. 0-0 e5 8. d5 Ne7 9. Ne1 a5 10. Nd3 Nd7 11. Bd2 f5 12. Rc1 b6 13. b3 Nf6 14. f3 f4 15. a3 g5 16. Nf2 Ng6 17. b4 axb4 18. axb4 Bd7 19. Ra1 Rxa1 20. Qxa1 Ne8 21. Qa7 Nh4 22. c5 bxc5 23. bxc5 g4 24. fxg4 f3 25. gxf3 Nxf3+ 26. Bxf3 Rxf3 27. Kg2 Rf4 28. cxd6 Nxd6 29. Bxf4 exf4 30. Ne2 Qe8 31. Nxf4 Bh6 32. Ne6 Bxe6 33. dxe6 Qxe6 34. Qa8+ Kg7 35. Qd5 Qxd5 36. exd5 Nc4 37. Nd1 Kg6 38. h4 Be3 39. Rf5 h5 1-0

[Event "Tenerife-chT Preferente"]
[Site "Tenerife"]
[Date "2015.01.24"]
[Round "1.2"]
[White "Ramirez Alvarez, Roberto"]
[Black "Andersson, Rikard"]
[Result "0-1"]
[WhiteElo "2067"]
[BlackElo "2178"]
[PlyCount "78"]
[EventDate "2015.01.24"]
[EventType "swiss"]
[EventRounds "14"]
[EventCountry "ESP"]
[SourceTitle "EXT 2024"]
[Source "ChessBase"]
[SourceDate "2023.10.10"]
[SourceVersion "1"]
[SourceVersionDate "2023.10.10"]
[SourceQuality "1"]
[WhiteTeam "Canaris 64"]
[BlackTeam "El Sauzal Libreria Barco"]
[WhiteTeamCountry "ESP"]
[BlackTeamCountry "ESP"]

1. d4 Nf6 2. Nf3 e6 3. c4 d5 4. Nc3 b6 5. Bg5 Be7 6. e3 Bb7 7. Bxf6 Bxf6 8. cxd5 exd5 9. Qc2 0-0 10. Bd3 h6 11. h4 c5 12. 0-0-0 cxd4 13. exd4 Nc6 14. a3 Qd6 15. Kb1 Na5 16. g4 Qf4 17. Be2 Be7 18. g5 h5 19. Ne5 Nc4 20. Bxc4 dxc4 21. Rhe1 Bd6 22. Nxc4 Rac8 23. Nxd6 Qxd6 24. Re5 a6 25. f4 b5 26. Qb3 Rc4 27. Ne4 Qg6 28. f5 Bxe4+ 29. Rxe4 Qxf5 30. Qd3 Qd5 31. Qe2 b4 32. axb4 Rxb4 33. Re5 Qd6 34. Rd2 a5 35. Re8 Qg6+ 36. Ka2 Ra4+ 37. Kb3 Qb6+ 38. Kc2 Qc6+ 39. Kb3 Rxe8 0-1

[Event "Santa Cruz de Tenerife Verano op"]
[Site "Santa Cruz de Tenerife"]
[Date "2010.06.27"]
[Round "5"]
[White "Hernandez Leon, Sergio"]
[Black "Ramirez Alvarez, Roberto"]
[Result "1/2-1/2"]
[WhiteElo "2112"]
[BlackElo "2075"]
[PlyCount "100"]
[EventDate "2010.06.23"]
[EventType "swiss"]
[EventRounds "9"]
[EventCountry "ESP"]
[SourceTitle "EXT 2011"]
[Source "ChessBase"]
[SourceDate "2010.11.26"]
[SourceVersion "1"]
[SourceVersionDate "2010.11.26"]
[SourceQuality "1"]

1. d4 d5 2. c4 e6 3. Nf3 c5 4. cxd5 exd5 5. Nc3 Nc6 6. g3 Nf6 7. Bg2 Be7 8. 0-0 0-0 9. Bg5 cxd4 10. Nxd4 h6 11. Be3 Be6 12. Qa4 Qd7 13. Rfd1 a6 14. Nxc6 bxc6 15. Bd4 Bg4 16. Rd2 Qe6 17. Re1 Ne4 18. Nxe4 dxe4 19. Rc1 Rfc8 20. Rdc2 Rab8 21. e3 c5 22. Bxc5 Bxc5 23. Rxc5 Rxc5 24. Rxc5 Rxb2 25. Bxe4 Rxa2 26. Qd4 Qf6 27. Qxf6 gxf6 28. Bd5 Ra1+ 29. Kg2 a5 30. Rc6 Kg7 31. h3 Bd7 32. Rc7 Be8 33. g4 a4 34. Ra7 a3 35. h4 Rd1 36. Be4 Bd7 37. Kf3 Be6 38. Rxa3 Rg1 39. Bf5 Rh1 40. Bxe6 fxe6 41. h5 f5 42. gxf5 exf5 43. Kf4 Rxh5 44. Ra6 Rh2 45. f3 Rh3 46. e4 fxe4 47. Kxe4 Rh5 48. f4 Rb5 49. f5 Rb1 50. Rg6+ Kf7 1/2-1/2

[Event "Santa Cruz de Tenerife Verano op"]
[Site "Santa Cruz de Tenerife"]
[Date "2010.06.26"]
[Round "4"]
[White "Ramirez Alvarez, Roberto"]
[Black "Barrio Pareja, Eduardo"]
[Result "1-0"]
[WhiteElo "2075"]
[BlackElo "2107"]
[PlyCount "95"]
[EventDate "2010.06.23"]
[EventType "swiss"]
[EventRounds "9"]
[EventCountry "ESP"]
[SourceTitle "EXT 2011"]
[Source "ChessBase"]
[SourceDate "2010.11.26"]
[SourceVersion "1"]
[SourceVersionDate "2010.11.26"]
[SourceQuality "1"]

1. Nf3 Nf6 2. c4 g6 3. g3 Bg7 4. Bg2 0-0 5. 0-0 d6 6. Nc3 e5 7. d4 Nc6 8. d5 Ne7 9. e4 Nd7 10. Ne1 f5 11. Nd3 b6 12. f4 h6 13. fxe5 Nxe5 14. Nxe5 dxe5 15. exf5 Nxf5 16. d6 Rb8 17. Qd5+ Kh7 18. dxc7 Qxc7 19. Nb5 Qe7 20. b3 Bb7 21. Qd2 Bxg2 22. Qxg2 e4 23. Ba3 Qe6 24. Rae1 Rfd8 25. Rxe4 Qd7 26. Bb2 a6 27. Bxg7 Qxg7 28. g4 Nh4 29. Qg3 g5 30. Qc7 Qxc7 31. Nxc7 Rf8 32. Re7+ Kg8 33. Rxf8+ Rxf8 34. Re8 Nf3+ 35. Kg2 Rxe8 36. Nxe8 Ne5 37. h3 Nd3 38. Nc7 Nc1 39. Nxa6 Nxa2 40. Kf3 Kf7 41. Ke4 Ke6 42. Nc7+ Kd6 43. Nd5 Nc1 44. b4 Ne2 45. Nxb6 Ng1 46. Nd5 Nxh3 47. Kf3 Ng1+ 48. Kf2 1-0